|
|
|
|
| LEADER |
01825cam a2200493 i 4500 |
| 001 |
nkc20203242337 |
| 003 |
CZ PrNK |
| 005 |
20221011135900.0 |
| 007 |
ta |
| 008 |
200817s2020 xr g 000 f cze |
| 015 |
|
|
|a cnb003242337
|
| 020 |
|
|
|a 978-80-7661-288-4
|q (soubor 2021) :
|c Kč 1190,00
|
| 020 |
|
|
|a 978-80-7661-025-5
|q (vázáno)
|
| 035 |
|
|
|a (OCoLC)1204253949
|
| 040 |
|
|
|a OSA001
|b cze
|d BOA001
|e rda
|
| 041 |
1 |
|
|a cze
|h eng
|
| 072 |
|
7 |
|a 821.111-3
|x Anglická próza, anglicky psaná
|2 Konspekt
|9 25
|
| 080 |
|
|
|a 821.111(94)-31
|2 MRF
|
| 080 |
|
|
|a (0:82-312.9)
|2 MRF
|
| 100 |
1 |
|
|a Kristoff, Jay,
|d 1973-
|7 osa2016934667
|4 aut
|
| 240 |
1 |
0 |
|a Darkdawn.
|l Česky
|
| 245 |
1 |
0 |
|a Rozetmění /
|c Jay Kristoff ; přeložila Adéla Michalíková
|
| 250 |
|
|
|a 1. vydání
|
| 264 |
|
1 |
|a V Praze :
|b CooBoo,
|c 2020
|
| 300 |
|
|
|a 610 stran ;
|c 21 cm
|
| 336 |
|
|
|a text
|b txt
|2 rdacontent
|
| 337 |
|
|
|a bez média
|b n
|2 rdamedia
|
| 338 |
|
|
|a svazek
|b nc
|2 rdacarrier
|
| 500 |
|
|
|a Přeloženo z angličtiny
|
| 500 |
|
|
|a Část nákladu distribuována v roce 2021 ve třísvazkovém souboru (Rozetmění, Boží hrob, Nikdynoc) ve společném kartonovém pouzdru se souborným názvem: Série Nikdynoc; ISBN souboru pouze na krabici
|
| 655 |
|
7 |
|a australské romány
|7 fd131842
|2 czenas
|
| 655 |
|
7 |
|a fantasy romány
|7 fd184199
|2 czenas
|
| 655 |
|
9 |
|a Australian fiction
|2 eczenas
|
| 655 |
|
9 |
|a fantasy novels
|2 eczenas
|
| 700 |
1 |
|
|a Michalíková, Adéla,
|d 1990-
|7 xx0224626
|4 trl
|
| 740 |
0 |
2 |
|a Série Nikdynoc
|
| 787 |
0 |
8 |
|i Z cyklu:
|t Nikdynoc
|g 3
|
| 910 |
2 |
|
|a BOA001
|b 2-1454.530
|
| 920 |
|
|
|a 006457758
|z OSA001
|
| 928 |
9 |
|
|a Albatros Media - CooBoo
|
| 990 |
|
|
|a BK
|
| 995 |
|
|
|a 01
|
| 991 |
|
|
|b 202010
|c NOV
|
| 996 |
6 |
|
|b 2610840520
|c 2-1454.530
|l MZK
|r Sklad / do 1 hodiny
|n 0
|p p.v.
|w 001829832
|u 000010
|a 1
|e BOA001
|j MZK50
|s P
|